• 首页
  • 本馆介绍
  • 公告通知
  • 最新文献
  • 馆藏检索
  • 电子资源
  • 读者导购
  • 参考咨询
  • 我的图书馆
  • 登录
  • 详细信息显示
  • 放入我的书架
  • 预约/预借图书
  • 作者相关作品
  • 分类相关作品
  • 丛书相关作品
  • 出版社相关作品

书目信息

  • 表格格式
  • 工作单格式
  • 卡片格式
题名:
固体物理习题详解
    
 
作者: 吴代鸣 编
分册:  
出版信息: 长春   吉林人民出版社  1983
页数: 234页
开本: 19cm
丛书名:
单 册:
中图分类: O48-44
科图分类:
主题词: 固体物理学--解题
电子资源:
ISBN:
000 00601nam0 2200229 45
001 0183011967
005 20060814092029.34
010    @dCNY0.84
091    @aCN@b13091.106
100    @a19950623d1983 em y0chiy0121 ea
101 0  @achi
102    @aCN@b220000
105    @ay zq 000yy
200 10 @a固体物理习题详解@Agu ti wu li xi ti xiang jie@f吴代鸣编
210    @a长春@c吉林人民出版社@d1983
215    @a234页@d19cm
606    @a固体物理学@x解题
690    @aO48-44@v3
701  0 @a吴代鸣@Awu dai ming@4编
801  2 @aCN@bNLC@c20060814
801  0 @aCN@bTSSF
905    @a10447@dO48-44@e41(+)
    
    固体物理习题详解/吴代鸣编.-长春:吉林人民出版社,1983
    234页;19cm
    
    
    ISBN :CNY0.84
    
●
相关链接 在E读中查询图书 在五车中查询图书 在当当中查询图书 在豆瓣中查询图书


正题名:固体物理习题详解     索取号:O48-44/41(+)         预约/预借

序号 登录号 条形码 馆藏地/架位号 状态 备注
1 0460839   204608399   第二样本阅览室/ [索取号:O48-44/41(+)] 在馆    
2 0460840   204608406   密集书库/ [索取号:O48-44/41(+)] 在馆    
3 0460841   204608415   密集书库/ [索取号:O48-44/41(+)] 在馆    
4 0460842   204608424   密集书库/ [索取号:O48-44/41(+)] 在馆    
5 0460843   204608433   密集书库/ [索取号:O48-44/41(+)] 在馆    
唐山师范学院图书馆 欢迎您!
大连网信软件有限公司© 版权所有